000
00332nam a22001457a 4500
008
210429b ||||| |||| 00| 0 eng d
020
_a
2900312594342
041
_a
eng
080
_a
82
082
_a
82
100
_a
21
101
_a
GJL
245
_a
The Compact Bedford Introduction to Literature
_c
Meyer,M
942
_2
udc
_c
BK
999
_c
56948
_d
56948